Statystyki dla RZECZY, O KTÓRYCH KŁAMIEMY NA PORTALACH RANDKOWYCH:

Kliknij tutaj aby rozwiązać quiz!

Ogólne statystyki

  • Ten quiz został rozwiązany 69 razy
  • Średni wynik to 4 z 6

Statystyki odpowiedzi

Odpowiedź% Poprawnych
WIEK
87%
WZROST
80%
WAGA
67%
PRACA
59%
WYGLĄD
48%
PIENIĄDZE
33%

Rozkład punktacji

Percentyl według liczby udzielonych odpowiedzi

Procent ludzi z każdym wynikiem

Twoja historia wyników

Nie rozwiązałeś tego quizu